LEADER 03416nam 2200637 450 001 9910796974703321 005 20230814223108.0 010 $a3-11-056092-5 010 $a3-11-056381-9 024 7 $a10.1515/9783110563818 035 $a(CKB)4100000005043727 035 $a(MiAaPQ)EBC5157718 035 $a(DE-B1597)487516 035 $a(OCoLC)1025379090 035 $a(DE-B1597)9783110563818 035 $a(Au-PeEL)EBL5157718 035 $a(CaPaEBR)ebr11605183 035 $a(EXLCZ)994100000005043727 100 $a20180921d2018 uy 0 101 0 $ager 135 $aurcnu|||||||| 181 $ctxt$2rdacontent 182 $cc$2rdamedia 183 $acr$2rdacarrier 200 10$aPra?teritumschwund im Deutschen $eDokumentation und Erkla?rung eines Verdra?ngungsprozesses /$fHanna Fischer 210 1$aBerlin ;$aBoston :$cDe Gruyter,$d[2018] 210 4$d©2018 215 $a1 online resource (450 pages) 225 1 $aStudia Linguistica Germanica ;$vBand 132 311 $a3-11-056070-4 320 $aIncludes bibliographical references and index. 327 $tFrontmatter -- $tVorwort -- $tInhalt -- $t1. Einleitung -- $t2. Die Dokumentation des Präteritumschwunds -- $t3. Die Erklärung des Präteritumschwunds -- $t4. Ergebnisse der Arbeit und Ausblick -- $t5. Verzeichnisse -- $tRegister 330 $aSeit 130 Jahren bemüht sich die sprachwissenschaftliche Forschung vergeblich um eine plausible Erklärung des sog. "Präteritumschwunds": dem Verlust der Präteritumformen im gesprochenen Deutsch. Die vorliegende Arbeit setzt an diesem Desiderat an und führt in innovativer Weise Theoriebildung, Erkenntnisse und Methoden aus unterschiedlichen linguistischen Disziplinen - Dialektologie, Sprachgeschichte, Grammatikforschung, Tempus & Aspekt-Forschung - ertragreich zusammen. Die Studie liefert zum einen eine umfassende Dokumentation des Präteritumschwunds in Raum und Zeit. Dazu werden in Form einer Metanalyse zahlreiche Dialektgrammatiken, Sprachkarten und Korpusstudien ausgewertet und zu einem Gesamtbild zusammengefügt. Die gestaffelte Verteilung von Präteritumformen im Raum sowie die historische Entwicklung lassen auf eine sukzesssive und prinzipiengeleitete Verdrängung der Präteritumformen durch die expandierende Perfektform schließen. Zum anderen wird auf Basis von modernen theoretischen Konzepten eine Erklärung erarbeitet, die neben der Ursache des Prozesses auch weitere Faktoren des Präteritumschwunds bestimmt und eine europäische Perspektive eröffnet. 410 0$aStudia linguistica Germanica ;$vBand 132. 606 $aGerman language$xTense 606 $aGerman language$xVerb 606 $aFOREIGN LANGUAGE STUDY / German$2bisacsh 606 $aLANGUAGE ARTS & DISCIPLINES / Linguistics / General$2bisacsh 610 $aAspect. 610 $aPresent Perfect. 610 $aPreterit. 610 $aTense. 615 0$aGerman language$xTense. 615 0$aGerman language$xVerb. 615 7$aFOREIGN LANGUAGE STUDY / German. 615 7$aLANGUAGE ARTS & DISCIPLINES / Linguistics / General. 676 $a435/.62 686 $aFOR009000$aLAN009000$2bisacsh 700 $aFischer$b Hanna$f1983-$01546273 801 0$bMiAaPQ 801 1$bMiAaPQ 801 2$bMiAaPQ 906 $aBOOK 912 $a9910796974703321 996 $aPra?teritumschwund im Deutschen$93801731 997 $aUNINA LEADER 01395nam0 22003371i 450 001 UON00069285 005 20231205102344.625 010 $a08-7577-057-6 100 $a20020107d1978 |0itac50 ba 101 $aeng 102 $aUS 105 $a|||| ||||| 200 1 $aEthiopia$eThe christian art of an African nation$eThe Langmuir Collection, Peabody Museum of Salem$fby Elizabeth Cross Langmuir, Stanislaw Chojnacki, Peter Fetchko 210 $aSalem$cPeabody Museum of Salem$dc 1978 215 $aX,30 p., c. e p. di tav.$d22 cm 606 $aArte$xEtiopia$3UONC019257$2FI 606 $aMUSEI$xStati Uniti d'America$xCataloghi$3UONC019378$2FI 620 $dSalem (New Hampshire)$3UONL001803 676 $a708.973$cMUSEI - Stati Uniti d'America$v21 676 $a709.63$cARTE - Etiopia$v21 702 1$aCHOJNACKI$bStanislaw$3UONV010315 702 1$aFETCHKO$bPeter$3UONV043334 702 1$aLANGMUIR$bElizabeth Cross$3UONV043333 710 02$aPEABODY MUSEUM$cSalem$3UONV043332$0657604 712 $aPeabody Museum of Salem$3UONV256903$4650 801 $aIT$bSOL$c20250530$gRICA 899 $aSIBA - SISTEMA BIBLIOTECARIO DI ATENEO$2UONSI 912 $aUON00069285 950 $aSIBA - SISTEMA BIBLIOTECARIO DI ATENEO$dSI IX a 016 $eSI AA 14426 7 016 996 $aEthiopia$91162045 997 $aUNIOR